Buying trances : A new psychology of sales and marketing

محفوظ في:
التفاصيل البيبلوغرافية
المؤلف الرئيسي:  Vitale, Joe
التنسيق: Sách
اللغة:Undetermined
منشور في:  John Wiley & Sons, Inc  2007
الموضوعات:
الوسوم: إضافة وسم
لا توجد وسوم, كن أول من يضع وسما على هذه التسجيلة!
Thư viện lưu trữ: Trung tâm Thư viện - Trường Đại học Công nghiệp TP. Hồ Chí Minh
LEADER 00509nam a2200157Ia 4500
001 UIH_04499
008 231011s9999 xx 000 0 und d
082 |a  658.8001 
100 |a  Vitale, Joe 
245 0 |a  Buying trances : A new psychology of sales and marketing 
245 0 |c  Vitale, Joe 
260 |b  John Wiley & Sons, Inc 
260 |c  2007 
650 |a  Makerting (Tiếp thị);  
927 |a Sách 
980 |a Trung tâm Thư viện - Trường Đại học Công nghiệp TP. Hồ Chí Minh